000 00865nam a22003017a 4500
003 CHAP
005 20220817043314.0
008 971013s1950 r 00010 d
010 _a71254
011 _a72226
035 _a81780
040 _cCHAP
082 _a631.3
_bD38
100 0 0 _aDavies, Cornelius.
245 _aMechanized agriculture
260 _aLondon :
_bTemple,
_c1950
300 _a122 p.
_b; ilus
490 _aTechnical trends series
590 _aBATCH-UPD
_b10
_c20130110
_lUCH01
_h0729
590 _aBATCH-UPD
_b10
_c20130410
_lUCH01
_h0412
590 _aBATCH-UPD
_b10
_c20130914
_lUCH01
_h1137
590 _aCONVERSION
_b10
_c20130109
_lUCH01
_h1339
650 1 4 _aMaquinaria agrícola.
_971151
830 0 _aTechnical trends series
_9111917
901 _aBK
942 _cLIBRO
949 _a631.3 D38
_bBC
_cBPA
_d-35401
_eBPA
_h16268
_i81780
_si
999 _c71254
_d71254